Mit dem Professor in den Garten
| Titel: | Mit dem Professor in den Garten : mit dem Garten verbundene Gegenstände und Bücher im Nachlassverzeichnis des 1766 verstorbenen Professors des Gymnasiums zu Reval (Tallinn) Heinrich Benjamin Hessler / Risto Paju |
|---|---|
| Verfasser: | |
| In: |
Baltic journal of art history, Band 14 (2018), Seite 129-139 alle Artikel anzeigen |
| Veröffentlicht: | 2018 |
| Umfang: | 3 Illustrationen |
| Format: | Aufsatz |
| Sprache: | Deutsch |
X
alg: 43760252 001A $03025:17-10-18 001B $01999:17-10-18 $t23:12:16.000 001D $03025:17-10-18 001U $0utf8 001X $00 002@ $0Aou 002C $aText $btxt $2rdacontent 002D $aohne Hilfsmittel zu benutzen $bn $2rdamedia 002E $aBand $bnc $2rdacarrier 003@ $0437602524 007A $0437602524 $aHEB 010@ $ager 010E $erda 011@ $a2018 021A $aMit dem Professor in den Garten $dmit dem Garten verbundene Gegenstände und Bücher im Nachlassverzeichnis des 1766 verstorbenen Professors des Gymnasiums zu Reval (Tallinn) Heinrich Benjamin Hessler $hRisto Paju 028A $BVerfasser $4aut $7 $8Paju, Risto [Tnu] $9400937212 031A $d14 $g11 $h129-139 $j2018 034M $a3 Illustrationen 039B $aEnthalten in $8--Abvc--. Baltic journal of art history. - Tartu : Univ. of Tartu Press, 2009-. - ISSN 1736-8812 $x201800000140000871 $9224987135 044K $7116925456X $8Hessler, Heinrich Benjamin$Z-1766 [Tp1] $9437602281 044K $RReval $#Tallinn $#Tallin $#Reval $#Reval Tallinn $75093293-7 $8Tallinn [Tg1] $9045056455 044K $RUnveröffentlichtes Werk $RVorlass $#Nachlässe $74123811-4 $8Nachlass [Ts1] $9085410543 044K $RArbeit $#Gardening $#Jardinage $#Giardinaggio $#Jardinería $#gardening $#Garten Arbeit $#Gärtnern $74443908-8 $8Gartenarbeit [Ts1] $9088793877 044K $RBequemlichkeit $#Luxury $#Luxe $#Lusso $#Lujo $#Luxus $74168354-7 $8Luxus [Ts1] $9085763926 044K $RLehrer $RGymnasiallehrerin $#Gymnasialprofessor $#Gymnasium Lehrer $74158589-6 $8Gymnasiallehrer [Ts1] $9085686093 045F $a306.09479809033 $eDDC23BSB 045F/01 $a306.09 045F/03 $f09033 045F/03 $g4798 045R $aSozialgeschichte 1750-1766 045T $a9,10 046L $aEnglische Zusammenfassung lok: 43760252 78 exp: 43760252 78 1 #EPN 201B/01 $017-10-18 $t14:38:28.000 201C/01 $017-10-18 201U/01 $0utf8 203@/01 $01030982872 208@/01 $a17-10-18 $be 209A/01 $a/ $f000 $x00 209A/01 $ab*p $x01 220C/01 $akoe 247C/01 $82080>Marburg/Lahn, Herder-Institut, Forschungsbibliothek, Bibliographieportal $9336309341
| LEADER | 00000caa a2200000 c 4500 | ||
|---|---|---|---|
| 001 | 437602524 | ||
| 003 | DE-603 | ||
| 005 | 20181017231216.0 | ||
| 007 | tu | ||
| 008 | 181017s2018 xx |||| | u00||u|ger c | ||
| 035 | |a (DE-599)HEB437602524 | ||
| 040 | |a DE-603 |b ger |c DE-603 |d DE-603 |e rda | ||
| 041 | |a ger | ||
| 082 | 0 | 4 | |8 1\u |a 306.09479809033 |q DE-101 |2 23/BSB |
| 084 | |a 9,10 |2 ssgn | ||
| 085 | |8 1\u |b 306.09 | ||
| 085 | |8 1\u |z 1 |s 09033 | ||
| 085 | |8 1\u |z 2 |s 4798 | ||
| 100 | 1 | |a Paju, Risto |e Verfasser |4 aut |0 (DE-603)400937212 | |
| 245 | 0 | 0 | |a Mit dem Professor in den Garten |b mit dem Garten verbundene Gegenstände und Bücher im Nachlassverzeichnis des 1766 verstorbenen Professors des Gymnasiums zu Reval (Tallinn) Heinrich Benjamin Hessler |c Risto Paju |
| 264 | 0 | |c 2018 | |
| 300 | |b 3 Illustrationen | ||
| 336 | |a Text |b txt |2 rdacontent | ||
| 337 | |a ohne Hilfsmittel zu benutzen |b n |2 rdamedia | ||
| 338 | |a Band |b nc |2 rdacarrier | ||
| 546 | |a Englische Zusammenfassung | ||
| 600 | 1 | 7 | |a Hessler, Heinrich Benjamin |d 1766 |0 (DE-588)116925456X |0 (DE-603)437602281 |2 gnd |
| 648 | 7 | |a Sozialgeschichte 1750-1766 |2 gnd | |
| 650 | 7 | |a Nachlass |0 (DE-588)4123811-4 |0 (DE-603)085410543 |2 gnd | |
| 650 | 7 | |a Gartenarbeit |0 (DE-588)4443908-8 |0 (DE-603)088793877 |2 gnd | |
| 650 | 7 | |a Luxus |0 (DE-588)4168354-7 |0 (DE-603)085763926 |2 gnd | |
| 650 | 7 | |a Gymnasiallehrer |0 (DE-588)4158589-6 |0 (DE-603)085686093 |2 gnd | |
| 651 | 7 | |a Tallinn |0 (DE-588)5093293-7 |0 (DE-603)045056455 |2 gnd | |
| 773 | 0 | 8 | |i Enthalten in |t Baltic journal of art history |d Tartu : Univ. of Tartu Press, 2009- |h 24 cm |x 1736-8812 |g Band 14 (2018), Seite 129-139 |w (DE-603)224987135 |w (DE-600)2563410-0 |
| 924 | 0 | |9 2080 |a (DE-603)1030982872 |b DE-2080 |c HES |d d |g / | |


